00433nam a2200133Ia 4500008004100000082001500041100002900056245004500085260002500130300000900155942001200164999001900176952010400195210430s9999 xx 000 0 und d a518 G726 N aMatheus Grasselli954281 aNumerical MathematicscMatheus Grasselli aAmericabJonesc2008 a668p cBK2ddc c564773d564773 001040708NFICaSCMEbSCMEcGENd0000-00-00l0o518 G726 NpSCME-3994r2021-04-30w2021-04-30yBK